Gatwick Country Destinations Quiz Stats

 Plays Quiz not verified by Sporcle

Support Sporcle.
Go Orange.
Score 0/67 Timer 10:00
0 Plays Today
% Correct
Spain
98.7%
Sweden
98.7%
USA
98.7%
France
97.3%
Norway
97.3%
Canada
96%
Finland
96%
Germany
96%
Greece
96%
Netherlands
94.7%
Turkey
93.3%
Hungary
92%
Ireland
92%
Portugal
92%
Switzerland
92%
UK
92%
Austria
90.7%
Denmark
90.7%
Italy
90.7%
Mexico
90.7%
Poland
90.7%
Croatia
88%
Egypt
86.7%
Ukraine
86.7%
Bulgaria
85.3%
India
85.3%
Czech Republic
84%
Latvia
84%
UAE
84%
Slovenia
82.7%
Tunisia
82.7%
Cyprus
81.3%
Jamaica
81.3%
Estonia
80%
% Correct
Lithuania
80%
Albania
78.7%
Iceland
78.7%
Morocco
78.7%
Barbados
76%
Cuba
74.7%
Malta
74.7%
Belarus
72%
Dominican Republic
70.7%
Luxembourg
66.7%
Kenya
64%
Moldova
60%
Montenegro
60%
St Lucia
60%
Qatar
57.3%
Iraq
53.3%
Jordan
53.3%
Libya
53.3%
Macedonia
53.3%
Trinidad and Tobago
53.3%
Sri Lanka
46.7%
Antigua and Barbuda
42.7%
Gambia
42.7%
Maldives
42.7%
Kosovo
41.3%
St Kitts and Nevis
41.3%
Zimbabwe
37.3%
Bangladesh
34.7%
Grenada
34.7%
Seychelles
30.7%
Cape Verde
26.7%
St Vincent and the Grenadines
24%
Liberia
20%

You're not logged in!

Compare scores with friends on all Sporcle quizzes.
OR
Log In

From the Vault

Movies by Bald Characters

by Larryholmes79

This quiz has a little extra shine to it.
Remove Ads.
Support Sporcle.
Get the best of Sporcle when you Go Orange. This ad-free experience offers more features, more stats, and more fun while also helping to support Sporcle. Thank you for becoming a member.

Show Comments

Extras

Created Feb 5, 2011ReportNominate
Tags:Country Quiz, destination

Top Quizzes Today


Score Distribution

Your Account Isn't Verified!

In order to create a playlist on Sporcle, you need to verify the email address you used during registration. Go to your Sporcle Settings to finish the process.

Report this User

Report this user for behavior that violates our Community Guidelines.

Details: